000 01051nas a2200265 454500
001 14902
005 20260407193505.0
008 260407s1974####ag###########|||spa#d
003 AR-UNSa-BCEJYS
040 _aAR-UNSa-BCEJYS
_bspa
_cAR-UNSa-BCEJYS
080 _a336.22
_xImpuestos
245 1 0 _aLa información
_pimpuestos-sociedades
022 _a0325-3538
264 1 _aBuenos Aires :
_bCangallo
_c1974
310 _aFrecuencia: Mensual Se incorpora como Director a partir de Nº 565 Valentín Rubio Cambia de Dir. a partir del Nº 613 por Héctor Alegría Cambia de Dir. a partir del Nº 636 por Raúl Anibal Etcheverry Se incorpora como Director a partir de Nº 760 Mario Wainstein
942 _cSER
590 _aniveau_biblio:s niveau_hierar:1
100 1 _aJarach, Dino
700 1 _aMascheroni, Fernando H.
650 _aSeguridad social
650 _aTrabajo
650 _aIMPUESTOS
650 _aSOCIEDADES COMERCIALES
856 4 1 _uhttps://biblioeco.unsa.edu.ar/pmb/images/revistas/La Informaci?n.jpg
_yImagen de portada
_qimage/jpeg
999 _c8469
_d8469